[Event "Quarantennale op-B"]
[Site "Cirie"]
[Date "2013.05.01"]
[Round "6"]
[White "Lo Curto, Andrea"]
[Black "Fassero, Fabrizio"]
[Result "1/2-1/2"]
[WhiteElo "1589"]
[BlackElo "1662"]
[PlyCount "141"]
[EventDate "2013.04.27"]
[EventType "swiss"]
[EventRounds "6"]
[EventCountry "ITA"]
[SourceTitle "EXT 2024"]
[Source "ChessBase"]
[SourceDate "2023.10.10"]
[SourceVersion "1"]
[SourceVersionDate "2023.10.10"]
[SourceQuality "1"]

1. e4 e6 2. Nf3 d5 3. exd5 exd5 4. d4 Bd6 5. c4 Nf6 6. Nc3 Be6 7. Qb3 dxc4 8. Bxc4 Bxc4 9. Qxc4 0-0 10. 0-0 Nbd7 11. Bg5 c6 12. Ne4 Be7 13. Bxf6 Nxf6 14. Nxf6+ Bxf6 15. Rfe1 Qb6 16. b4 Rad8 17. Rad1 Rd5 18. Rd3 Rfd8 19. a4 a5 20. bxa5 Qa7 21. g3 g6 22. Red1 Qxa5 23. Nd2 Ra8 24. Ne4 Bg7 25. Nc3 Rd7 26. f4 Rad8 27. Kf2 Qf5 28. R3d2 c5 29. Ne2 g5 30. Kf3 gxf4 31. gxf4 Qh3+ 32. Ng3 Rxd4 33. Rxd4 Rxd4 34. Rxd4 Bxd4 35. Qe2 Qd7 36. Qb5 Qd5+ 37. Kg4 Kf8 38. Qb1 Qd7+ 39. Qf5 Qxf5+ 40. Nxf5 Bg1 41. h3 c4 42. Kf3 Bh2 43. Nd4 Ke7 44. Ne2 Kd6 45. Kg2 Bxf4 46. Nxf4 Ke5 47. Ne2 Ke4 48. Kf2 Kd3 49. Ke1 c3 50. a5 f5 51. h4 h6 52. h5 c2 53. Nc1+ Ke3 54. Kf1 Kd2 55. Na2 c1Q+ 56. Nxc1 Kxc1 57. Ke2 Kc2 58. Kf3 Kb3 59. Kf4 Ka4 60. Kxf5 Kxa5 61. Kg6 b5 62. Kxh6 b4 63. Kg7 b3 64. h6 b2 65. h7 b1Q 66. h8Q Qg1+ 67. Kf7 Qa7+ 68. Ke6 Qb6+ 69. Kf5 Qf2+ 70. Ke4 Qe2+ 71. Kd5 1/2-1/2